00689 2200241 4500001002100000005001500021035002000036245008200056100002700138250000600165300003500171700002700206260003900233082001100272084001700283020001800300650004400318990001700362990001700379990001700396990001700413990001700430INLIS00000000000062020190118042909 a0010-01190000761 aBudi Daya Aglaonema /cIka Kurniawati Y, S.Pd; Editor, Nina Setyaningsih, S.T0 aIka Kurniawati Y, S.Pd a- avi, 74 hlm. :bilus. ;c21 cm.0 aNina Setyaningsih, S.T aSemarang :bCV Ghyyas Putra,c2009 a635.94 a635.94 IKA b a979-736-739-8 aPengembangbiakan bunga dan tanaman hias a02289/P/2018 a02290/P/2018 a02291/P/2018 a02292/P/2018 a02293/P/2018